| 000 | 00577nam a2200205 a 4500 | ||
|---|---|---|---|
| 001 | 86486 | ||
| 003 | BD-RjUL | ||
| 005 | 20260517110653.0 | ||
| 008 | 260517s1899 |||||||| |||| 00| 0 eng d | ||
| 035 | _a(BD-RjUL)86486 | ||
| 040 |
_aBD-RjUL _beng _cBD-RjUL |
||
| 041 | _aeng | ||
| 082 |
_223 _a843.7 _bBAC 1899 |
||
| 100 |
_aBalzac, Honoré de, _918495 |
||
| 245 |
_aThe Country Doctor / _cHonoré de, Balzac, |
||
| 260 |
_aLondon : _bThe Caxton Publishing Company, _c1899 |
||
| 300 |
_a352 p. : _bill.; _c22 cm. |
||
| 650 |
_aPhysicians _xFiction. _918496 |
||
| 942 |
_2ddc _cBK |
||
| 999 |
_c86486 _d86486 |
||